| 000 | 00625nam a22001817a 4500 | ||
|---|---|---|---|
| 999 |
_c11634 _d11634 |
||
| 003 | AR-CdUCM | ||
| 008 | 190404b ||||| |||| 00| 0 spa d | ||
| 040 |
_aMUNICIPALIDAD PROVINCIAL DEL CUSCO _cBIBLIOTECA MUNICIPAL DEL CUSCO |
||
| 082 |
_29ed. _a150 / _bM77 / 1869 |
||
| 100 |
_aMonlau, Pedro Felipe _929086 |
||
| 245 | _aElementos de psicología / | ||
| 260 |
_aMadrid : _bImp. y estereotipia de M. Rivadeneyra, _c1869. |
||
| 300 |
_a346 páginas ; _c18 cm. |
||
| 505 | _aContenido: Critica -- Metodología -- gramática -- Dialéctica. | ||
| 650 |
_aPsicología _91538 |
||
| 942 |
_2ddc _cLIBROS |
||
| 945 |
_aacv _d04/04/2019 |
||